00790nam a2200205Ia 4500952013300000952013400133999001700267003000400284005001700288008004100305020001800346040000900364082001800373100003200391245004100423260004900464300000900513650002000522942004200542 00102ddc40708ISLAMaMESbMEScISLd2019-02-20g75.00l0o297.63 ZAK/Mp32691r2019-02-20 00:00:00t1w2019-02-20yBKzGL46R4 00102ddc40708ISLAMaMESbMEScISLd2021-04-12g130.00l0o297.63 ZAK/Mp41088r2021-04-13 00:00:00t2w2021-04-13yBKzGL46R4 c22747d22747OSt20200207104923.0190216s9999||||xx |||||||||||||| ||und|| a9788182713857 coclc a297.63bZAK/M a Zakariya, P A Rafeeq91888 0aMuhamed Nabi /cP A Rafeeq Zakariya  bIslamic Publishing House,a2008.cKozhikode: a197p aIslamic History cBK2ddch297.63iZAK/Mk297.63mZAK/M